000 01225nam a2200349 a 4500
001 000112366
003 CHAP
005 20220329144300.0
008 160307s2016 mx a fsm |||||||spa d
010 _a108827
011 _a109799
040 _cCHAP
090 _aTesis
100 1 _aLópez Herrera, Amelia
_9130628
245 1 3 _aEl zinc en la nutrición de fresa (Fragaria x ananassa Duch.) cv. albión /
_h[En línea]
_cpor Amelia López Herrera.
260 _aChapingo, Méx. :
_bEl autor,
_c2016.
500 _aPara ver el contenido del material haga clic en la liga
502 _aTesis (M.C. en Horticultura) -- UACH. Departamento de Fitotecnia
590 _aE5995AHE
_b05
_c20160307
_lUCH01
_h0905
590 _aE5995AHE
_b05
_c20160307
_lUCH01
_h0909
590 _aE5995AHE
_b05
_c20160307
_lUCH01
_h0910
590 _aE5995AHE
_b05
_c20160307
_lUCH01
_h0911
590 _aE5995AHE
_b05
_c20160307
_lUCH01
_h1010
650 1 4 _aFresa
_xCalidad.
_943191
650 1 4 _aFresa
_xRendimiento.
_943232
650 1 4 _aPlantas
_xNutrición.
_988874
650 1 4 _aZinc
_xEfecto en fresa.
_9130629
856 _aFinding aid
_uhttp://10.13.5.2/tesis/sist112366.pdf
_zTeclea aquí
901 _aBK
942 _cTESIS
942 _n0
999 _c108827
_d108827